| 000 | 00971nam a22002291i 4500 | ||
|---|---|---|---|
| 001 | 183270 | ||
| 003 | ES-MaACL | ||
| 005 | 20230906221842.0 | ||
| 008 | 140204s1945 sp |||| | spa d | ||
| 080 | _a64.024(460.235 B.)(09) | ||
| 100 | 1 |
_aAlmerich, Lluis. _920148 |
|
| 245 | 1 | 3 |
_aEl hostal, la fonda, la taberna y el café en la vida barcelonesa _b: descripción histórica / _cpor Luis Almerich (Clovis Eimeric) (seud.) ; obra ilustrada con la reproducción de numerosos documentos gráficos y con dibujos de J. Mur y J. Guivernau transcritos de azulejos... |
| 260 |
_aBarcelona : _bLibrería Millá, _c1945. |
||
| 300 |
_a91 p.,[12 h. de lám] : _bil. ; _c21 cm. |
||
| 490 | 1 |
_aMonografías históricas de Barcelona ; _v3 |
|
| 650 | 4 |
_aHostelería- _zBarcelona. _9154373 |
|
| 700 | 1 |
_aMur, J. _9154370 |
|
| 700 | 1 |
_aGuivernau, J. _9154372 |
|
| 830 | 0 |
_aMonografías históricas de Barcelona ; _v3 _9191895 |
|
| 852 |
_aES-MaACL _jE-4175 |
||
| 999 |
_c183270 _d183270 |
||